Mario Character 2 - Statistics

General Stats
  • This quiz has been taken 18 times
  • The average score is 9 of 16
Answer Stats
Picture Answer % Correct
King Boo
87%
Shy Guy
87%
Hammer Bro
80%
Bullet Bill
73%
Cheep Cheep
73%
Dry Bones
73%
King Bob Omb
73%
Lakitu
73%
Blooper
67%
Spike
47%
Wiggler
47%
Monty Mole
40%
Spiny
33%
Kemek
27%
Mechakoopa
27%
Pokey
27%
No matching quizzes found
Score Distribution
Percent of People with Each Score
Percentile by Number Answered
Your Score History
You have not taken this quiz